1999 نصر بلا حرب / (Record no. 13947)
[ view plain ]
| 000 -الفاتح | |
|---|---|
| حقل البيانات ثابتة الطول | 01004nam a22001697a 4500 |
| 008 - عناصر البيانات ثابتة الطول - معلومات عامة | |
| حقل البيانات ثابتة الطول | 100428s1988 ua|||||r|||| 000 0 ara d |
| 082 ## - رقم تصنيف ديوى العشرى | |
| رقم الطبعة | 22 |
| رقم التصنيف | 327.73 |
| رقم المادة | ن ي ك |
| 100 ## - المدخل الرئيسى - إسم شخصى | |
| 9 (RLIN) | 13718 |
| الإسم الشخصى | نيكسون، ريتشارد |
| التواريخ المصاحبة للاسم | 1913-1994 |
| الشكل الأكمل للاسم | ريتشارد ميلهوس نيكسون |
| 245 ## - بيان العنوان | |
| العنوان | 1999 نصر بلا حرب / |
| بيان المسئوليه,etc | ريتشارد نيكسون ؛ إعداد وتقديم محمد عبد الحليم أبوغزالة |
| 260 ## - PUBLICATION, DISTRIBUTION, ETC. (IMPRINT) | |
| مكان الناشر او الموزع | القاهرة: |
| اسم الناشر او الموزع | مركز الأهرام للترجمة والنشر، 1988 |
| تاريخ النشر أو التوزيع | 1988 |
| 300 ## - الوصف المادى | |
| التعداد | 355 ص ؛ |
| أبعاد الوعاء | 24 سم |
| 500 ## - تبصرة عامة | |
| تبصرة عامة | إهداء: علاء عبدالغني |
| 651 ## - المدخل الاضافى بالموضوع - اسم جغرافى | |
| 9 (RLIN) | 13720 |
| الاسم الجغرافي | الولايات المتحدة الأمريكية |
| التقسيم الفرعي العام | العلاقات الخارجية |
| التقسيم الفرعي الزمني | 1981-1989 |
| 700 ## - المدخل الاضافى - اسم شخصى | |
| 9 (RLIN) | 13719 |
| الإسم الشخصى | أبو غزالة، محمد عبد الحليم |
| 942 ## - عناصر المدخل الإضافي( كوها) | |
| مصدر التصنيف او مخطط الترفيف | Dewey Decimal Classification |
| Koha [default] item type | Book - Borrowing |
| حالة التراجع | حالة الفقد | مصدر التصنيف او خطة الترفيف | حالة تلف | ليس للاعارة | مجموعات كوها | المكان الدائم | المكان الحالي | موقع الترفيف | تاريخ الاكتساب | Source of acquisition | رقم الاستدعاء | الباركود | Date last seen | مُعار | نوع الوعاء |
|---|---|---|---|---|---|---|---|---|---|---|---|---|---|---|---|
| Dewey Decimal Classification | Central Library | Central Library | First floor | 28/04/2010 | Donation | 327.73 نيك | 000020736 | 15/07/2025 | 22/10/2012 | Book - Borrowing |